|
|
|
|
| LEADER |
00000nam0a2200000 4500 |
| 001 |
182497 |
| 005 |
20231101223708.0 |
| 010 |
|
|
|a 9785918840047
|
| 035 |
|
|
|a (RuTPU)RU\TPU\book\197837
|
| 090 |
|
|
|a 182497
|
| 100 |
|
|
|a 20100622d2010 km y0rusy50 ca
|
| 101 |
0 |
|
|a rus
|
| 102 |
|
|
|a RU
|
| 105 |
|
|
|a a z 001zy
|
| 200 |
1 |
|
|a Пневмо-вакуумформование
|f М. А. Шерышев
|
| 210 |
|
|
|a СПб.
|c Профессия
|d 2010
|
| 215 |
|
|
|a 188 с.
|c ил.
|
| 225 |
1 |
|
|a Библиотечка переработчика пластмасс
|
| 320 |
|
|
|a Библиогр.: с. 186.
|
| 320 |
|
|
|a Список сокращений: с. 187.
|
| 330 |
|
|
|a В книге подробно изложено описание процессов пневмо-вакуумформования для изготовления изделий из полимерных материалов, приведено большое количество практических советов и справочной информации. Отдельные разделы посвящены конструкциям используемого оборудования и формующего инструмента, принципам организации и оптимизации производства, технологическому контролю, идентификации дефектов и способам их устранения. Издание будет полезно специалистам среднего звена (мастерам участков, операторам технологических линий и машин, наладчикам оборудования и т. д.) для самообразования и ознакомления с основами процесса. Руководители могут использовать книгу как инструмент обучения и подготовки персонала непосредственно на производстве.
|
| 606 |
1 |
|
|a Пластмассовые изделия
|x Формование
|2 stltpush
|3 (RuTPU)RU\TPU\subj\49093
|9 67904
|
| 610 |
1 |
|
|a термопластичные материалы
|
| 610 |
1 |
|
|a пневмовакуумформование
|
| 610 |
1 |
|
|a производство
|
| 610 |
1 |
|
|a технологические схемы
|
| 610 |
1 |
|
|a технологические параметры
|
| 610 |
1 |
|
|a организация производства
|
| 610 |
1 |
|
|a формованные изделия
|
| 610 |
1 |
|
|a механическая обработка
|
| 610 |
1 |
|
|a контроль
|
| 610 |
1 |
|
|a оборудование
|
| 610 |
1 |
|
|a технологическая оснастка
|
| 610 |
1 |
|
|a техника безопасности
|
| 610 |
1 |
|
|a охрана труда
|
| 675 |
|
|
|a 678.5.027
|v 3
|
| 700 |
|
1 |
|a Шерышев
|b М. А.
|g Михаил Анатольевич
|
| 801 |
|
1 |
|a RU
|b 63413507
|c 20100622
|
| 801 |
|
2 |
|a RU
|b 63413507
|c 20151009
|g RCR
|
| 942 |
|
|
|c BK
|
| 959 |
|
|
|a 44/20100622
|d 2
|e 450,00
|f ЧЗТЛ:1
|f АНЛ:1
|